| 000 | 00411nam a22001457a 4500 | ||
|---|---|---|---|
| 003 | OSt | ||
| 008 | 230304b |||||||| |||| 00| 0 eng d | ||
| 082 | _a327 DRP | ||
| 100 | _aDrishti Publication | ||
| 245 | _aPolitical Science and International Relations(Western and Indian Political Thought Book-1 | ||
| 260 |
_aNew Delhi _bDrishti Publication |
||
| 300 | _a128 | ||
| 650 | _aGeneral Books | ||
| 942 |
_2ddc _cBK |
||
| 999 |
_c11857 _d11857 |
||